000 00429nam a2200157 i 4500
001 73926
003 ES-MaACL
005 20230906171948.0
007 t|
008 040913s1931 sp ||||1| spa d
100 1 _aGonzález, Alfredo.
_958274
245 1 4 _aLos videntes esquizoides /
_cAlfredo González.
260 _aGijón :
_b[s.n.,
_c1931] (
_fImp. La Victoria)
300 _a15 p. ;
_c24 cm.
852 _aES-MaACL
_j1795-F-5
999 _c73926
_d73926